UM Logo

A novel approach to model and analyze uneven temperature distribution among multichip high-power modules and corresponding method to respecify device SOA / (Record no. 19062)

MARC details
000 -LEADER
fixed length control field 01041nam a22002417a 4500
003 - CONTROL NUMBER IDENTIFIER
control field OSt
005 - DATE AND TIME OF LATEST TRANSACTION
control field 20240208152735.0
008 - FIXED-LENGTH DATA ELEMENTS--GENERAL INFORMATION
fixed length control field 240208b ||||| |||| 00| 0 eng d
040 ## - CATALOGING SOURCE
Transcribing agency 0
082 ## - DEWEY DECIMAL CLASSIFICATION NUMBER
Classification number DPer 621.317 Ie21 April 2022 v.37 n. 4
100 ## - MAIN ENTRY--PERSONAL NAME
Personal name Wang, Jianpeng.
Relator term author.
9 (RLIN) 52109
245 ## - TITLE STATEMENT
Title A novel approach to model and analyze uneven temperature distribution among multichip high-power modules and corresponding method to respecify device SOA /
Statement of responsibility, etc. Jianpeng Wang, Wenjie Chen, Jin Zhang, Meng Xu, Laili Wang, Jinjun Liu, and Yongmei Gan
260 ## - PUBLICATION, DISTRIBUTION, ETC. (IMPRINT)
Place of publication, distribution, etc. New York;
Name of publisher, distributor, etc. The Institute of Electrical and Electronics Engineers, Inc.,
Date of publication, distribution, etc. April 2022.
300 ## - PHYSICAL DESCRIPTION
Extent volume 37,
Other physical details pages 4626-4640,
Dimensions illustration.
700 ## - ADDED ENTRY--PERSONAL NAME
Personal name Wang, Jianpeng.
Relator term author.
9 (RLIN) 52109
700 ## - ADDED ENTRY--PERSONAL NAME
Personal name Chen, Wenjie.
Relator term author.
9 (RLIN) 52110
700 ## - ADDED ENTRY--PERSONAL NAME
Personal name Zhang, Jin.
Relator term author.
9 (RLIN) 52111
700 ## - ADDED ENTRY--PERSONAL NAME
Personal name Xu, Meng.
Relator term author.
9 (RLIN) 52112
700 ## - ADDED ENTRY--PERSONAL NAME
Personal name Wang, Laili.
Relator term author.
9 (RLIN) 52113
700 ## - ADDED ENTRY--PERSONAL NAME
Personal name Liu, Jinjun.
Relator term author.
9 (RLIN) 52114
700 ## - ADDED ENTRY--PERSONAL NAME
Personal name Gan, Yongmei.
Relator term author.
9 (RLIN) 52115
942 ## - ADDED ENTRY ELEMENTS (KOHA)
Source of classification or shelving scheme Dewey Decimal Classification
Koha item type Periodicals

No items available.